000 03719nam a2200481 a 4500
001 000028487
003 DO-SdBNP
005 20250416133741.0
008 110408t2010 dr a 001 0 spa d
040 _aDO-SdBNP
_bspa
_cBNPHU
082 _a325.246097293
_bS471e
111 2 _aSeminario internacional "El exilio republicano español en la sociedad dominicana"
_d(2010, mar 4-5:
_cSanto Domingo, República Dominicana)
_955434
245 1 3 _aEl exilio republicano español en la sociedad dominicana /
_cFrancisco Antonio Avelino ... [et al.] ; coordinadora Reina Rosario Fernández.
260 _aSanto Domingo :
_bComisión Permanente de Efemérides Patrias :
_bArchivo General de la Nación :
_bAcademia Dominicana de la Historia,
_c2010.
300 _a285 p. ;
_c23 cm.
490 1 _aArchivo General de la Nación ;
_v113
490 1 _aAcademia Dominicana de la Historia ;
_v89
500 _aColección conmemorativa del 70 aniversario del exilio republicano español en la República Dominicana.
504 _aIncluye referencias bibliográficas y notas al pie de páginas y al final de capítulos.
505 0 _aPresentación /
_rReina C. Rosario Fernández --
_tBreves reflexiones acerca de la Guerra Civil Española, 1936-1939 /
_rFrancisco Antonio Avelino --
_tEl accidente del vapor Cuba o los obscuros móviles de una política de inmigración en la Era de Trujillo /
_rJuan B. Alfonseca Giner de los Ríos --
_tInfluencia de los refugiados republicanos españoles en la Universidad de Santo Domingo, 1940-1947 /
_rConstancio Cassá Bernaldo de Quirós --
_tLas colonias de refugiados españoles en la República Dominicana, 1939-1941 /
_rNatalia González Tejera --
_tArquitectos republicanos españoles en Santo Domingo /
_rOmar Rancier --
_tIncidencia política de los republicanos españoles en República Dominicana /
_rRoberto Cassá Bernaldo de Quirós --
_tLas redes de un errante: republicanos españoles en Santo Domingo, Puerto Rico y Cuba /
_rConsuelo Naranjo Orovio --
_tEl exilio republicano españoles y sus aportes a la modernidad en el arte dominicano /
_rJeannette Miller --
_tVicente Llorens Castillo /
_rAmadeo Julián --
_tLa emigración republicana española: aportes a la República Dominicana /
_rJosé del Castillo,
_rManuel García Arévalo --
_gSobre los autores --
_gAnexo:
_tPrograma del seminario internacional.
590 _aInventariado, 2018/BT
650 4 _aExpatriación
_zEspaña
_xCongresos, conferencias, etc.
_955435
650 4 _aRefugiados políticos
_xCongresos, conferencias, etc.
_955436
651 4 _aRepública Dominicana
_xEmigración E Inmigración
_xCongresos, Conferencias, Etc.
_955219
651 4 _aEspaña
_xEmigración E Inmigración
_xCongresos, Conferencias, Etc.
_955437
651 4 _aEspaña
_xHistoria
_yGUERRA CIVIL, 1936-1939
_xCongresos, Conferencias, Etc.
_955438
651 4 _aEspañoles En República Dominicana
_xCongresos, Conferencias, Etc.
_955439
700 1 _aAvelino , Francisco Antonio,
_d1935-
_955440
700 1 _aAlfonseca Giner de los Ríos, Juan Bernardo
_955441
700 1 _aCassá Bernaldo de Quirós, Constancio,
_d1953-
_95204
700 1 _aGonzález Tejera, Natalia,
_d1960-
_955442
700 1 _aRancier Valdéz, Luis Omar,
_d1952-
_955443
700 1 _aNaranjo Olivo, Consuelo
_955444
700 1 _aMiller, Jeannette,
_d1944-
_983484
700 1 _aJulián, Amadeo,
_d1943-
_955445
700 1 _a García Arévalo, Manuel Antonio
_d1948-
_959457
700 1 _aCastillo Pichardo, José del,
_d1947-
_955447
700 1 2 _aRosario Fernández, Reina,
_ecoord.
_955448
700 1 _aCassá, Roberto,
_d1948-
_910888
830 0 _aAcademia Dominicana de la Historia ;
_n89
_955450
910 _aValidado. Control de calidad. EMS
942 _2ddc
_cLBS1
999 _c27979
_d27979